1st letter appearance only: TV Shows Quiz Stats

 Plays Quiz not verified by Sporcle

Score 0/23 Timer 04:00
0 Plays Today
Short TV Show Full TV Show % Correct
GLEGlee
93.6%
BREAKINGDBreaking Bad
84%
GILAN'SDGilligan's Island
79.8%
SONFARCHYSons Of Anarchy
76.6%
THEBIGANORYThe Big Bang Theory
76.6%
SPONGEBQUARTSpongebob Squarepants
76.6%
EVRYBODLSAMNEverybody Loves Raymond
76.6%
BUFYTHEVAMPIRSLBuffy The Vampire Slayer
75.5%
BEAVISNDUT-HBeavis And Butt-Head
73.4%
FRIDAYNGHTLSFriday Night Lights
72.3%
SABRIN,THEGWCSabrina, The Teenage Witch
71.3%
MALCOINTHEDMalcolm In The Middle
69.1%
Short TV Show Full TV Show % Correct
THEPINKARThe Pink Panther
66%
THECLVANDSOWThe Cleveland Show
62.8%
IT'SALWYUNPHDEIt's Always Sunny In Philadelphia
60.6%
DEALORNDeal Or No Deal
53.2%
AVTR:HELSIBNDAvatar: The Last Airbender
48.9%
THEFRSPINCOBLAThe Fresh Prince Of Bel Air
48.9%
AREYOUSMTHN5GD?Are You Smarter Than A 5Th Grader?
47.9%
THEBIGSLORThe Biggest Loser
43.6%
BO'SURGEBob's Burgers
41.5%
SEAMTRSesame Street
37.2%
LOIS&CARK:THENWDVUFPMLois & Clark: The New Adventures Of Superman
37.2%

You're not logged in!

Compare scores with friends on all Sporcle quizzes.
OR
Log In

Show Comments

Extras

Top Quizzes Today


Score Distribution

Your Account Isn't Verified!

In order to create a playlist on Sporcle, you need to verify the email address you used during registration. Go to your Sporcle Settings to finish the process.

Report this User

Report this user for behavior that violates our Community Guidelines.

Details: